000 00313nam a22001337a 4500
008 230619b xxu||||| |||| 00| 0 eng d
020 _a1873796919
082 _a305.906
_bBRO
100 _cJeffrey Brown
245 _aSingle & Gifted
260 _aEngland
_bAutumn House
_c2001
300 _a192p
942 _2ddc
_cBK
999 _c1402
_d1402